Homosexualité grecque / (Record no. 58080)
[ view plain ]
| 000 -LEADER | |
|---|---|
| campo de control de longitud fija | 00797nam a2200253 i 4500 |
| 001 - NÚMERO DE CONTROL | |
| campo de control | 58080 |
| 003 - IDENTIFICADOR DE NÚMERO DE CONTROL | |
| campo de control | ES-MaACL |
| 005 - FECHA Y HORA DE LA ÚLTIMA TRANSACCIÓN | |
| campo de control | 20230906163724.0 |
| 007 - CAMPO FIJO DE DESCRIPCIÓN FÍSICA--INFORMACIÓN GENERAL | |
| campo de control de longitud fija | t| |
| 008 - DATOS DE LONGITUD FIJA--INFORMACIÓN GENERAL | |
| campo de control de longitud fija | 031021s1982 fr ||||1| fre d |
| 020 ## - NÚMERO INTERNACIONAL ESTÁNDAR DEL LIBRO | |
| Número Internacional Estándar del Libro | 2-85919-043-0 |
| 100 1# - ENTRADA PRINCIPAL--NOMBRE DE PERSONA | |
| Nombre de persona | Dover, K. J. |
| 9 (RLIN) | 45524 |
| 245 10 - MENCIÓN DEL TÍTULO | |
| Título | Homosexualité grecque / |
| Mención de responsabilidad, etc. | K.J. Dover ; traduit de l'anglais par Suzanne Saïd. |
| 260 ## - PUBLICACIÓN, DISTRIBUCIÓN, ETC. | |
| Lugar de publicación, distribución, etc. | Grenoble : |
| Nombre del editor, distribuidor, etc. | La pensee sauvage, |
| Fecha de publicación, distribución, etc. | [1982] |
| 300 ## - DESCRIPCIÓN FÍSICA | |
| Extensión | 287 p., [27] h. de lám. ; |
| Dimensiones | 24 cm. |
| 490 1# - MENCIÓN DE SERIE | |
| Mención de serie | Bibliotheque d'ethnopsychiatrie |
| 500 ## - NOTA GENERAL | |
| Nota general | Indice. |
| 504 ## - NOTA DE BIBLIOGRAFÍA, ETC. | |
| Nota de bibliografía, etc. | Bibliografía: p. 269-274. |
| 650 #4 - PUNTO DE ACCESO ADICIONAL DE MATERIA--TÉRMINO DE MATERIA | |
| Término de materia o nombre geográfico como elemento de entrada | Homosexualidad- |
| Subdivisión geográfica | Grecia. |
| 9 (RLIN) | 13471 |
| 700 1# - ENTRADA AGREGADA--NOMBRE PERSONAL | |
| Nombre de persona | Saïd, Suzanne. |
| 9 (RLIN) | 101487 |
| 830 0# - PUNTO DE ACCESO ADICIONAL DE SERIE-TÍTULO UNIFORME | |
| Título uniforme | Bibliotheque d'ethnopsychiatrie |
| 9 (RLIN) | 230460 |
| 852 ## - LOCALIZACIÓN | |
| Ubicación | ES-MaACL |
| Número de control de estantería | L-11247 |
| Sublocalización o colección | R.112914 |
| Estatus retirado | Estado de pérdida | Estado de daño | No para préstamo | Biblioteca de origen | Biblioteca actual | Ubicación en estantería | Fecha de adquisición | Fuente de adquisición | Total de préstamos | Signatura topográfica completa | Código de barras | Visto por última vez | Precio de reemplazo | Tipo de ítem Koha |
|---|---|---|---|---|---|---|---|---|---|---|---|---|---|---|
| Biblioteca del Ateneo de Madrid | Biblioteca del Ateneo de Madrid | Depósito 2 | 17/01/2008 | L-11247 | 1060954 | 23/02/2023 | 23/02/2023 | Libro impreso |
